000
00326 a2200133 4500
001
152464
040
_c
Escola São Tomás de Aquino
100
_a
MORAES, Vinícius de
240
1
0
_a
Poemas, sonetos e baladas
_l
por
245
1
0
_a
Poemas, sonetos e baladas
440
1
_a
Companhia das Letras
697
_a
Poesia
942
_c
BK
999
_c
152464
_d
152464